000 00866nam a22002417a 4500
008 130821s1999 sp gr spa
020 _a8420441880
040 _aCo-BoUCM
_bspa
_cJavier Garzón
_dHenry Ríos
041 0 0 _aspa
100 1 _aMarías, Javier
_d1951-
_936563
245 1 0 _aSeré amado cuando falte
_cJavier Marías
260 _aMadrid (España)
_bAlfaguara
_c1999
300 _a345 páginas
490 0 _aTextos de escritor
500 _aIncluye índice
600 1 4 _aMarías, Javier
_d1951-
_vColecciones de escritos
_936970
630 3 4 _aEl Semanal
_vSecciones, columnas, etc.
_936971
650 7 _aEnsayos españoles
_936561
_vColecciones de escritos
650 7 _aLiteratura española
_vColecciones de escritos
_936972
690 _aLiteratura europea
942 _cLIBRO
_a18
_e1
_mM311
_2DEWEY
_h864.64
999 _c166447
_d166447